Normal view
MARC view
- Gazzaniga, S. Michael
Entry Personal Name
001 - CONTROL NUMBER
- control field: 133572
003 - CONTROL NUMBER IDENTIFIER
- control field: NUST
005 - DATE AND TIME OF LATEST TRANSACTION
- control field: 20260305111739.0
008 - FIXED-LENGTH DATA ELEMENTS
- fixed length control field: 260305|| aca||aabn | a|a d
040 ## - CATALOGING SOURCE
- Original cataloging agency: NUST
- Transcribing agency: NUST
100 ## - HEADING--PERSONAL NAME
- Personal name: Gazzaniga, S. Michael
670 ## - SOURCE DATA FOUND
- Source citation: Work cat.: (NUST): Gazzaniga, S. Michael., The Ethical Brain /, 2005.
